000 00816nam a2200301Ia 4500
001 7777
005 20240113234034.0
007 ta
008 050712s1993 a g b000 u asm u
020 _cRs. 40.00 (Hard)
040 _aCotton College,Assam
041 _aasm
082 _a891.4109
_bSh 11 Bi
100 _aSharma, Upendra Nath .
245 0 _aBingsa Satabdir Asamiya Sahitya /
_cUpendra Nath Sharma.
_hTextual Documents
250 _a1st ed. /
260 _aGuwahati :
_bBarua Agency ,
_c1993.
300 _a144p. :
_bill ;
_c22cm .
365 _aRs. 40.00
653 _aAssamese Literature-Criticism
653 _aAssamese Essays
653 _aPG-Assamese
653 _aG-Assamese
942 _2ddc
_cBK
999 _c7764
_d7764